000
00288nam a2200133Ia 4500
100
_a
Xavier/C
942
_c
BK
654
_a
web technology
245
_a
Web technology and design
260
_b
New Age Int (P) Ltd
_c
2003
082
_a
4.65
_b
XAV
300
_a
377
546
_a
ENGLISH
999
_c
30590
_d
30590